000 00989cam a22002531i 4500
003 SA-RiAUC
005 20240914122811.0
008 240911s2005 ku g 00010 ara c
040 _aOQUL
_bara
_cSA-RiAUC.
_erda
082 0 4 _a332.121
_qSA-RiAUC
_bر ش ي
100 1 _aالرشيدي، أحمد فهد
_eمؤلف.
245 1 0 _aعمليات التورق وتطبيقاتها الاقتصادية في المصارف الإسلامية /
_cأحمد فهد الرشيدي.
250 _aالطبعة الأولى.
264 1 _aالكويت :
_bدار النفائس،
_c2005
300 _a246 صفحة ؛
_c24 سم
336 _aنص
_btxt
_2rdacontent
_3كتاب
337 _aبدون وسيط
_bn
_2rdamedia
338 _aمجلد
_bnc
_2rdacarrier
650 7 _aالبنوك الإسلامية
_2aucsh
650 7 _aالنقود
_xجوانب اقتصادية
_2aucsh
942 _2ddc
_cBOOK
949 _aSA-JeALM
_d240911
_umohamedma123
_n1
999 _c207
_d207